UM Logo

Counseling Around the World: (Record no. 13379)

MARC details
000 -LEADER
fixed length control field 00849nam a22002297a 4500
008 - FIXED-LENGTH DATA ELEMENTS--GENERAL INFORMATION
fixed length control field 190309b ||||| |||| 00| 0 eng d
020 ## - INTERNATIONAL STANDARD BOOK NUMBER
International Standard Book Number 9781119026266
082 ## - DEWEY DECIMAL CLASSIFICATION NUMBER
Edition number 2013
Classification number AV-CD 158.3
Item number H718
100 ## - MAIN ENTRY--PERSONAL NAME
Personal name Hohenshil,Thomas H.
9 (RLIN) 37392
245 ## - TITLE STATEMENT
Title Counseling Around the World:
Remainder of title An International Handbook /
Statement of responsibility, etc. Thomas H. Hohenshil, Norman E. Amundson, and Spencer G. Niles.
250 ## - EDITION STATEMENT
Edition statement First Edition
260 ## - PUBLICATION, DISTRIBUTION, ETC. (IMPRINT)
Name of publisher, distributor, etc. American Counseling Association
Date of publication, distribution, etc. ©2013.
300 ## - PHYSICAL DESCRIPTION
Extent 472 pages;
500 ## - GENERAL NOTE
General note Includes index.
650 ## - SUBJECT ADDED ENTRY--TOPICAL TERM
Topical term or geographic name as entry element Counseling.
9 (RLIN) 37393
650 ## - SUBJECT ADDED ENTRY--TOPICAL TERM
Topical term or geographic name as entry element Cross-cultural counseling.
9 (RLIN) 9296
700 ## - ADDED ENTRY--PERSONAL NAME
Personal name Hohenshil, Thomas H.
9 (RLIN) 37394
700 ## - ADDED ENTRY--PERSONAL NAME
Personal name Amundson, Norman E.
9 (RLIN) 37395
700 ## - ADDED ENTRY--PERSONAL NAME
Personal name Niles, Spencer G.
9 (RLIN) 37396
856 ## - ELECTRONIC LOCATION AND ACCESS
Link text https://ebookcentral.proquest.com/lib/uniofmindanao-ebooks/detail.action?docID=1895269
942 ## - ADDED ENTRY ELEMENTS (KOHA)
Source of classification or shelving scheme Dewey Decimal Classification
Koha item type Ebooks
Holdings
Withdrawn status Lost status Source of classification or shelving scheme Damaged status Not for loan Home library Current library Shelving location Date acquired Source of acquisition Total Checkouts Full call number Barcode Date last seen Copy number Price effective from Koha item type
    Dewey Decimal Classification     UM Digos College - LIC UM Digos College - LIC Processing Center 03/09/2019 Downloaded   AV-CD 158.3 H718 Eb031 03/09/2019 1 03/09/2019 Ebooks